Solární vytápění budov-zkušenosti ze zahraničních realizací

Guardado en:
Detalles Bibliográficos
Autor principal: Dušek, Karel
Formato: Libro
Lenguaje:checo
Publicado: Praha Ústředí vědeckých, technických a ekonomických informací 1983
Etiquetas: Agregar Etiqueta
Sin Etiquetas, Sea el primero en etiquetar este registro!

MARC

LEADER 00000nam a2200000 4500
001 c134317
005 20190625072329.7
041 0 |a cze 
044 |a CZ 
245 1 0 |a Solární vytápění budov-zkušenosti ze zahraničních realizací  |c Karel Dušek 
264 1 |a Praha  |b Ústředí vědeckých, technických a ekonomických informací  |c 1983 
300 |a 69 s. 
100 1 |a Dušek, Karel